Educación matemática, 7º básico: texto para el estudiante
Đã lưu trong:
| Những tác giả chính: | , |
|---|---|
| Định dạng: | Sách |
| Ngôn ngữ: | Tiếng Tây Ban Nha |
| Được phát hành: |
Santiago
McGraw Hill Interamericana
2007
|
| Những chủ đề: | |
| Các nhãn: |
Thêm thẻ
Không có thẻ, Là người đầu tiên thẻ bản ghi này!
|
MARC
| LEADER | 00000nam a2200000 a 4500 | ||
|---|---|---|---|
| 001 | UCI5595 | ||
| 003 | CL-VaPUC | ||
| 008 | 080404e20070000CL |||||||||||||||||spa|d | ||
| 020 | |a 9789562782142 | ||
| 082 | 0 | 4 | |a 372.7 |b REY |2 21 |
| 100 | 0 | |a Reyes Reyes, Cristián |e author |9 528079 | |
| 700 | 0 | |a Valenzuela Chandía, Marisol |e author |9 528080 | |
| 245 | 1 | 0 | |a Educación matemática, 7º básico: texto para el estudiante |
| 300 | |a 200 p | ||
| 942 | |c BK | ||
| 945 | |d 20080404 00:00:00 |a rbrito | ||
| 260 | |a Santiago |b McGraw Hill Interamericana |c 2007 | ||
| 650 | 0 | |a Matemáticas |x Enseñanza |9 875527 | |
| 650 | 0 | |a Matemática |9 260235 | |
| 650 | 0 | |a Educación básica |9 224933 | |
| 650 | 7 | |a NUMEROS DECIMALES |2 CL-VaPUC |9 369000 | |
| 650 | 0 | |a Geometría |9 264063 | |
| 650 | 7 | |a POTENCIAS |2 CL-VaPUC |9 369385 | |
| 650 | 7 | |a PROPORCIONALIDADES |2 CL-VaPUC |9 528082 | |
| 583 | |a last modification |c 20170816 01:02:50 |k Rodrigo Vera | ||
| 999 | |c 329335 |d 329333 | ||
| 952 | |0 0 |1 0 |4 0 |6 372_700000000000000_REY_2007 |7 0 |8 A |9 413761 |a BIBEDU |b BIBEDU |d 2019-11-22 |i 4421566 |l 1 |o 372.7 REY 2007 |p 4421566 |r 2024-10-09 |s 2024-08-29 |w 2019-11-22 |y BK |k EDU | ||